| 000 | 00691nam a2200265Ia 4500 | ||
|---|---|---|---|
| 005 | 20260121171818.0 | ||
| 008 | 008 260114s9999 xx 000 0 eng d | ||
| 020 | _a9789811540639 | ||
| 037 | _aEBOOK | ||
| 040 | _aCRL | ||
| 040 | _beng | ||
| 040 | _cCRL | ||
| 041 | _2eng | ||
| 041 | _aeng | ||
| 084 | _qCRL | ||
| 100 |
_aMingoo Jin _91080744 |
||
| 245 | 0 | _aNovel Luminescent Crystalline Materials of Gold(I) Complexes with Stimuli-Responsive Properties | |
| 260 | _bSpringer | ||
| 260 | _bSpringer | ||
| 260 | _c2020 | ||
| 856 | _uhttps://link.springer.com/openurl?genre=book&isbn=978-981-15-4063-9 | ||
| 942 | _cEBOOK | ||
| 999 |
_c1646477 _d1646477 |
||